| 000 | 02521cam a22003498i 4500 | ||
|---|---|---|---|
| 001 | 22686360 | ||
| 003 | EG-ScBUE | ||
| 005 | 20240623101611.0 | ||
| 008 | 220707s2023 flua f b 001 0 eng d | ||
| 020 | _a9781032272399 | ||
| 040 |
_aDNLM/DLC _beng _erda _cDLC _dEG-ScBUE |
||
| 082 | 0 | 0 |
_a616.9803076 _222 _bMCQ |
| 245 | 0 | 0 |
_aMCQs, MEQs and OSPEs in occupational medicine : _ba revision aid / _cedited by Ken Addley OBE, consultant occupational physician, honorary visiting professor, Ulster University Business School, Belfast, Northern Ireland. |
| 250 | _aSecond edition. | ||
| 264 | 1 |
_aBoca Raton : _bCRC Press, _c2023. |
|
| 300 |
_axii, 155 pages : _bcolor illustrations ; _c24 cm. |
||
| 336 |
_atext _btxt _2rdacontent |
||
| 337 |
_aunmediated _bn _2rdamedia |
||
| 338 |
_avolume _bnc _2rdacarrier |
||
| 490 | 0 | _aMaster pass | |
| 500 | _aPreceded by MCQs and revision aid in occupational medicine / Ken Addley ; with a foreword by W.A. Eakins. 1995. | ||
| 504 | _aIncludes bibliographical references and index. | ||
| 505 | 0 | _aMultiple Choice Questions (MCQ's) -- Modified Essay Questions (MEQ's) -- Observed Structured Practical Examination Questions (OSPE's) -- Answers. | |
| 520 |
_a"This second edition of the well-regarded Multiple Choice Questions and Revision Aid in Occupational Medicine continues as a comprehensive revision and study resource for those preparing for professional examinations in occupational health, occupational medicine and occupational health & safety. The content has been extensively revised and updated to cover relevant and current issues. There are three sections organized by question type - MCQ, MEQ, and OSPE. Each question is accompanied by the correct answer along with a brief justification explanation. The subject topics cover typical occupational health/medicine syllabuses associated with professional examinations including the use of the 'best of many' MCQ format. The book is essential reading for medical and non-medical practitioners studying for these examinations and will also be useful to those already in the multi-disciplinary field or those intending to enter it"-- _cProvided by publisher. |
||
| 650 | 7 |
_aOccupational Diseases. _2BUEsh |
|
| 650 | 7 |
_aOccupational Medicine. _2BUEsh |
|
| 653 |
_cJune2024 _bPT |
||
| 655 | _vReading book | ||
| 700 | 1 |
_aAddley, Ken, _eeditor. |
|
| 776 | 0 | 8 |
_iOnline version: _tMCQs, MEQs and OSPEs in occupational medicine _bSecond edition. _dBoca Raton : CRC Press, 2022 _z9781003291930 _w(DLC) 2022032436 |
| 942 |
_2ddc _cBB |
||
| 999 |
_c30788 _d30759 |
||